| 000 | 01154cam a2200217 4500 | ||
|---|---|---|---|
| 008 | 040913t2015 000 0 eng u | ||
| 041 | _aeng | ||
| 110 | 2 |
_aRoyal Institution of Chartered Surveyors _94900 |
|
| 245 | 0 | 0 |
_aPrivate management of the urban public realm: _bthe implications of contracted-out publicness _h[electronic resource] |
| 260 |
_aLondon _bRICS _c2015 |
||
| 300 | _a84p. | ||
| 490 | 0 | _aRICS Research | |
| 520 | _aThis research seeks to examine how the ‘publicness’ of open, publicly-owned spaces – defined as a function of openness/accessibility and accountability, is affected by the various contractual forms of transfer of public space management tasks from the public sector to private and user-based organisations, and what are the main implications of this process. | ||
| 650 | 2 | 4 | _aPUBLIC SPACES |
| 651 | 4 | _aUnited Kingdom | |
| 690 |
_aBuilt Environment _96307 |
||
| 700 | 1 | _aDe Magalhaes, Claudio | |
| 700 | 1 | _aTrigo, Sonia | |
| 856 | 4 | 8 |
_uhttp://www.propertyresearchtrust.org/uploads/1/3/4/8/134819607/private_management_of_urban_public_realm.pdf _zAvailable from the Property Research Trust |
| 942 |
_n0 _2ddc |
||
| 999 |
_c121754 _d121754 |
||